00866nam a2200229 a 450000100060000000300080000600500170001400800410003103500190007203500110009104000250010204100080012708200320013510000270016724501310019426000680032530000270039350000920042050000750051265000210058765000280060842457BD-RjUL20211209053538.0851119r19651953enk 001 0 eng d a(BD-RjUL)42575 a712501 aAPLSbengcAPLSdVDU aeng 222a330.1932bMYP 1953-19651 aMyrdal, Gunnar,d1898-14aThe political element in the development of economic theory /cby Gunnar Myrdal ; translated from the German by Paul Streeten. aLondon :bRoutledge & Kegan Paul,c1953 [ Impression 1955-1965] axvii, 248 p. ;c23 cm. aOriginally published in Swedish under title: Vetenskap och politik i nationalekonomien. aBibliographical references included in "Notes" (p. 218-241). and index 0aEconomic policy. 0aEconomics, Theoretical.